00424nam a2200121Ia 4500008004100000082002100041100001800062245005700080260003900137365001200176630005700188730005700245100415s9999 xx 000 0 und d b20126a598.2(54) aGREWAL BIKRAM aBirds of the Indian Subcontinent: FOR REFERENCE ONLY aHONG KONGc2000bLOCAL COLOUR LTD. b1249.37 aBirds of the Indian Subcontinent: FOR REFERENCE ONLY aBirds of the Indian Subcontinent: FOR REFERENCE ONLY